Doba minulá - 150. narodeniny Ferdinanda Bulharského

Bibliographic Details
Main Author: Číž, Marián, 1958- (Author)
Format: Article
Language:Slovak
Subjects:

MARC

LEADER 00000nab a22000001a 4500
001 vtls010761996
003 SK-MaSNL
005 20260304203528.0
008 250718|2011 xo |||||||||||||||||slo|
035 |a (urnnbn)urn:nbn:sk:snk:ar-a02rwa 
035 |a (uuid)a13b8b93-eb28-4ff3-8278-0cd9222eea97 
035 |a urn:nbn:sk:snk-ab4n59 
040 |a SNKBUCL  |b slo  |c SNKBUCL  |e AACR2 
041 0 |a slo 
044 |a xo  |c SK 
080 |a 069  |2 2001 
080 |a 5-051  |2 2001 
080 |a (437.642)  |2 2001 
100 1 |a Číž, Marián,  |d 1958-  |4 aut  |9 38878 
245 1 0 |a Doba minulá - 150. narodeniny Ferdinanda Bulharského  |c Marián Číž 
600 0 7 |a Ferdinand  |b I.,  |c bulharský cár,  |d 1861-1948  |2 SNKMA  |9 192148 
600 3 7 |a Coburg (dynastia)  |2 SNKMA  |9 164003 
610 2 7 |a Múzeum vo Svätom Antone  |2 SNKKA  |9 233003 
648 7 |a 26.2.1861  |2 SNK  |9 1536242 
648 7 |a 1861  |2 SNK  |9 332682 
650 0 7 |a múzeá  |2 SNKPH  |9 4119 
650 0 7 |a prírodovedci  |2 SNKPH  |9 82161 
651 7 |a Svätý Anton (Slovensko)  |2 SNKPH  |9 79544 
773 0 |t Múzeum : študijný a informačný materiál  |g Roč. 57, č. 4 (2011), s. 27-28 
850 |a Slovenská národná knižnica 
852 |a Slovenská národná knižnica 
954 |a odborná, vedecká literatúra pôvodná (slovenská)  |2 lita 
958 |a article3 
958 |a OND 
958 |a EUIPO 
999 |c 3110285  |d 3112215